| 000 | 00482nam a2200181Ia 4500 | ||
|---|---|---|---|
| 001 | 51683 | ||
| 008 | 140503s9999 xx 000 0 und d | ||
| 020 | _a9788131733011 | ||
| 040 | _cPK-LaUMT | ||
| 082 |
_a 004.66 _bHUC-C |
||
| 100 | _aHucaby, David | ||
| 245 |
_aCCNP switch 642-813 [+CD] _bofficial certification guide _cHucaby, David |
||
| 260 |
_aNew Delhi,India: _bPearson, _c2010 |
||
| 300 |
_a460 p. _eCD |
||
| 546 | _aEN | ||
| 650 | _aData structure methods | ||
| 942 | _cBK | ||
| 999 |
_c49152 _d49152 |
||